000 00894nam a2200253 i 4500
001 181947
003 ES-MaACL
005 20250904043127.0
008 130509s2011 sp | |||||||| | spa d
020 _a978-84-938075-2-8
080 _a821.134.2-14"19"
100 1 _aSoriano Bensusan, Fernando.
_9152752
245 1 0 _aHassard y Mi sueño vive debajo de tus párpados /
_cFernando Soriano Bensusan.
250 _a1ª ed.
260 _a[Ciudad Real] :
_bPoeta de Cabra (2),
_c2010 [i.e. 2011]
300 _a50 p. ;
_c16 cm.
490 1 _aLibretos Poeta de Cabra ;
_vn. 5
586 8 _aXII Premio de Poesía "La Espiga Pozaldez", 2008
740 0 2 _aMi sueño vive debajo de tus párpados.
830 0 0 _aLibretos Poeta de Cabra
_vn. 5
_9188096
852 _aES-MaACL
_jA-12656
_9188856
_bR.148772
_cDEPO1
_dOlim: N-5657
942 _2udc
_cMONOGRAFIA
999 _c181947
_d181947